Central Library OPAC University of Rajshahi

Government and politics in Pakistan / (Record no. 36310)

MARC details
000 -LEADER
fixed length control field 00717nam a2200241 4500
001 - CONTROL NUMBER
control field 36310
003 - CONTROL NUMBER IDENTIFIER
rucl marc code BD-RjUL
005 - DATE AND TIME OF LATEST TRANSACTION
control field 20211209052452.0
008 - FIXED-LENGTH DATA ELEMENTS--GENERAL INFORMATION
fixed length control field 140619s1968 pk b 000 0 eng d
035 ## - SYSTEM CONTROL NUMBER
System control number (BD-RjUL)36407
040 ## - CATALOGING SOURCE
Original cataloging agency BD-RjUL
Language of cataloging eng
Transcribing agency BD-RjUL
Modifying agency BD-RjUL
041 ## - LANGUAGE CODE
Language code of text/sound track or separate title eng
082 00 - DEWEY DECIMAL CLASSIFICATION NUMBER
Author mark and year CHG 1968
Classification number 320.95491
100 1# - MAIN ENTRY--PERSONAL NAME
Personal name Chaudhuri, Muzaffar Ahmed.
9 (RLIN) 110501
245 10 - TITLE STATEMENT
Title Government and politics in Pakistan /
Statement of responsibility, etc. by Muzaffer Ahmed Chaudhuri
260 ## - PUBLICATION, DISTRIBUTION, ETC. (IMPRINT)
Place of publication, distribution, etc. Dacca :
Name of publisher, distributor, etc. Puthighar,
Date of publication, distribution, etc. 1968
300 ## - PHYSICAL DESCRIPTION
Pagination iii, v, 416, viii p. ;
Size 25 cm
504 ## - BIBLIOGRAPHY, ETC. NOTE
Bibliography, etc Bibliography: p. [406]-416
651 #0 - SUBJECT ADDED ENTRY--GEOGRAPHIC NAME
Geographic name Pakistan
General subdivision Politics and government
9 (RLIN) 110502
942 ## - ADDED ENTRY ELEMENTS (KOHA)
Source of classification or shelving scheme Dewey Decimal Classification
Koha item type Books
Holdings
Lost status Source of classification or shelving scheme Damaged status Not for loan Collection code Permanent Location Current Location Shelving location Date acquired Total Checkouts Full call number Date last seen Copy number Koha item type Source of acquisition Date checked out Cost, normal purchase price
  Dewey Decimal Classification     Non-fiction Central Library, University of Rajshahi Central Library, University of Rajshahi   19/06/2014   320.95491 CHG 1968 19/06/2014 C-2 Books      
  Dewey Decimal Classification     Non-fiction Central Library, University of Rajshahi Central Library, University of Rajshahi   19/06/2014   320.95491 CHG 1968 19/06/2014 C-3 Books      
  Dewey Decimal Classification     Non-fiction Central Library, University of Rajshahi Central Library, University of Rajshahi   19/06/2014   320.95491 CHG 1968 19/06/2014 C-4 Books      
  Dewey Decimal Classification     Non-fiction Central Library, University of Rajshahi Central Library, University of Rajshahi   20/02/1970 1 320.95491 CHG 1968 07/08/2017 C-5 Books zeetlinger 20/07/2017  
  Dewey Decimal Classification   Not For Loan Non-fiction Central Library, University of Rajshahi Central Library, University of Rajshahi Reading Room     320.95491 CHG 1968 21/06/2014 C-1 Books ROYAL BOOK    
  Dewey Decimal Classification     Non-fiction Central Library, University of Rajshahi Central Library, University of Rajshahi   03/02/1967   320.95491 CHG 1968 24/06/2014 C-6 Books Zeitlinger    
  Dewey Decimal Classification     Non-fiction Central Library, University of Rajshahi Central Library, University of Rajshahi   03/02/1967   320.95491 CHG 1968 24/06/2014 C-7 Books Zeitlinger   0.00
  Dewey Decimal Classification     Non-fiction Central Library, University of Rajshahi Central Library, University of Rajshahi   03/02/1967   320.95491 CHG 1968 24/06/2014 C-8 Books Zeitlinger   0.00
  Dewey Decimal Classification     Non-fiction Central Library, University of Rajshahi Central Library, University of Rajshahi   05/02/1969   320.95491 CHG 1968 24/06/2014 C-9 Books Puthighar Ltd, Dacca.   12.00
  Dewey Decimal Classification     Non-fiction Central Library, University of Rajshahi Central Library, University of Rajshahi   27/01/1969   320.95491 CHG 1968 24/06/2014 C-10 Books Puthighar Ltd, Dacca.   12.00